| 000 | 00646cam a2200229 i 4500 | ||
|---|---|---|---|
| 999 |
_c2625 _d2625 |
||
| 001 | 2680322 | ||
| 003 | GBCCL | ||
| 005 | 20241126110433.0 | ||
| 008 | 750401s1975 txu 000 0aeng | ||
| 010 | _a 74082657 | ||
| 020 | _c$5.95 | ||
| 040 |
_aDLC _cDLC _dDLC |
||
| 050 | 0 | 0 |
_aBX5995.K57 _bA33 |
| 082 | 0 | 0 |
_a283.092 _aB _bKNO |
| 100 | 1 |
_aKnox, John, _d1900-1990 _95538 |
|
| 245 | 1 | 0 |
_aNever far from home : _bthe story of my life / _cJohn Knox. |
| 260 |
_aWaco, Tex. : _bWord Books, _c[1975] |
||
| 300 |
_a170 p. ; _c23 cm. |
||
| 600 | 1 | 0 |
_aKnox, John, _d1900-1990 _95538 |
| 906 |
_a7 _bcbc _corignew _d2 _eopcn _f19 _gy-gencatlg |
||
| 942 |
_2ddc _cBK |
||